| 000 | 02552cam a22004814i 4500 | ||
|---|---|---|---|
| 003 | PE-LiUPU | ||
| 005 | 20250731173410.0 | ||
| 008 | 150706s1972 sp rb 000 0 spa d | ||
| 020 | _a9788472280014 | ||
| 035 | _a(Sirsi) i9788472280014 | ||
| 040 |
_aPE-LiUPU _bspa _cPE-LiUPU _erda |
||
| 049 | _aPRUA | ||
| 082 | 0 | 4 |
_a282 _bL14 _221 |
| 100 | 1 |
_aLacueva, Francisco, _eautor. |
|
| 245 | 1 | 0 |
_aCatolicismo romano / _cFrancisco Lacueva. |
| 264 | 1 |
_aBarcelona : _bCLIE, _c1972. |
|
| 300 |
_a245 páginas ; _c20 centímetros. |
||
| 336 |
_atext _2rdacontent |
||
| 337 |
_aunmediated _2rdamedia |
||
| 338 |
_avolume _2rdacarrier |
||
| 490 | 1 |
_aCurso de formación teológica evangélica ; _v8I |
|
| 504 | _aIncluye bibliografía. | ||
| 505 | 0 | _aDoctrinas sobre la iglesia -- La diferencia básica entre Roma y la Reforma -- La incorporación a la iglesia en orden a la salvación -- Obstáculos de orden subjetivo que hacen difícil salir de Roma -- Doctrinas sobre la virgen María -- Actualidad de la Mariología -- La maternidad divina de María y su virginidad perpetua -- La mediación universal de María respecto a la gracia -- La inmaculada concepción de María -- Doctrinas sobre la salvación -- Algunas divergencias preliminares -- Los orígenes -- El pecado personal -- Noción y división de gracia -- Los dos estadios del proceso de la salvación -- Los sacramentos -- Noción, número y eficacia de los sacramentos -- Otros aspectos genéricos de los sacramentos -- Los sacramentos del bautismo y de la confirmación -- Elementos y partes del sacramento de la penitencia -- Principios de Teología moral -- Principios generales de moral católico-romana -- Algunos puntos particulares de moral. | |
| 526 | _aSEG42 | ||
| 526 | _aSEG41 | ||
| 526 | _aSEG40 | ||
| 526 | _aSEG39 | ||
| 526 | _aP94 | ||
| 526 | _aP87 | ||
| 526 | _aP86 | ||
| 526 | _aP85 | ||
| 526 | _aP77 | ||
| 526 | _aP76 | ||
| 526 | _aP35 | ||
| 541 | _g0010000547; | ||
| 610 | 2 |
_aIglesia Católica _xObras de controversia. |
|
| 910 |
_agl _bjv _clch _d20111030 |
||
| 942 |
_2ddc _cBOOK |
||
| 949 |
_a282 L14 _wDEWEY _c1 _i63911 _lCCODEBUL1 _mBUL _p12.00 _r0 _sY _tBOOK _u2015-7-6 _xTEOLOGIA _PP35 _o.STAFF. Colección Teología |
||
| 994 |
_aC0 _bPEPRU |
||
| 596 | _a1 | ||
| 999 |
_a282 L14 _wDEWEY _c52772 _i63911 _d52772 _f2021-11-11 _g5 _lCCODEBUL1 _mBUL _p12.00 _q2 _r0 _sY _tBOOK _u2015-7-6 _xTEOLOGIA _PP35 _0COMPRA _o.STAFF. Colección Teología |
||
| 980 |
_81 _gALBERTO SANCHEZ Responsable de Automatización |
||